Contratos de Planos de Sad︢e

Bibliographic Details
Main Author: Araj︢o Gomes, Josiane
Format: eBook
Language:Portuguese
Published: San Pablo: JH Mizuno, 2016
Subjects:
Online Access:Acceso restringido

MARC

LEADER 00000nam a22000007a 4500
005 2018031202362.0
007 cr|||| ||||
008 180312s2016 br |||||s|||| 00||0 por d
020 |a 978-85-7789-253-2 
035 |a 21051 
040 |a vLex 
090 |c 7459  |d 7459 
100 1 |a Araj︢o Gomes, Josiane 
245 1 0 |a Contratos de Planos de Sad︢e  |h [Recurso electrn̤ico] /  |c Josiane Araj︢o Gomes 
256 |a Servicio en ln̕ea 
260 |a San Pablo:  |b JH Mizuno,  |c 2016 
300 |a 1 recurso electrn̤ico 
506 1 |a Disponible solo en los productos indicados  |d vLex Global  |d vLex Global (Academic Edition, excluding Law Schools)  |d vLex Global (U.S. Academic Edition, Law Schools)  |d vLex Global (U.S. Academic Edition, excluding Law Schools)  |d vLex Global (Academic Edition, Law Schools) 
650 0 4 |a Derechos y Deberes fundamentales  |z Brasil 
650 0 4 |a Obligaciones y Contratos  |z Brasil 
650 0 4 |a Medicina  |z Brasil 
740 0 |a vLex Libros (Servicio en ln̕ea) 
856 4 0 |u http://vlex.com/source/contratos-planos-saude-21051  |z Acceso restringido 
942 |c BOOK 
999 0 |a Fundamental rights and duties 
999 0 |a Obligations and Contracts 
999 0 |a Medicine